00474nam a2200169Ia 4500003000400000008004100004040001600045082001600061100002200077245009100099700002000190260004300210300000800253650001700261650001600278650001000294GCL140319s9999 xx 000 0 eng d aGCL / cGCL04a628.42bL G1 aJACKON, RICHARD E10aGroundwater Contamination and Analysist at Hasardous Waste Sites / cJACKON, RICHARD E1 aLESAGE, SUZANNE a[S.N] : bMARCEL DEKKER, INC ، c1992 a54504aCASE STUDIES04aENVIRONMENT04aWATER